000
00328nam a2200121 a 4500
001
4140
005
20140414131957.0
008
090218s19uu xx 00 eng d
050
_a
TR 649
_b
P21 2004
245
_a
Parent's guide :
_b
to give your child a head start in school.
440
_a
Early learning program
999
_c
112975
_d
112975